000 00394cam a2200157ua 4500
041 _aeng
_h
082 _a510.1
_bBLA/UN
100 _aBlakey, Joseph .
245 _aUniversity mathematics /
_cJoseph Blakey.
_hTextual Documents
250 _a2 /
_b.
260 _aLondon :
_bEnglish Language Book Society ,
_c1962.
300 _a581 ; .
504 _a
942 _cBK
999 _c9896
_d9896